Distribution par images - Le Facteur de Saint-Tropez - Statistiques

Statistiques générales
  • Ce quiz a été pris 14 fois
  • Le résultat moyen est 4 sur 9
Statistiques - réponses
Par images Hint Réponse % Correct
Charles de Lespinasse Michel Galabru
92%
Robin Bellefeuille Paul Préboist
83%
Chantal Sagazan Marion Game
50%
Clotilde France Rumilly
33%
Antonin Ficelle Henri Génès
25%
Julien Manuel Gélin
25%
Hélène de Lespinasse Brigitte Borghese
17%
Nicole Sagazan Nathalie Kowska
17%
Julia Sabrina Belleval
17%
Aucun quiz correspondant
Distribution des résultats
% des personnes avec chaque résultat
Percentile par nombre de réponses
Votre historique - résultats
Vous n’avez pas pris ce quiz